[Event "GER Cup Net V3 U2000"]
[Site "Playchess.com INT"]
[Date "2020.05.27"]
[Round "3"]
[White "Serreck, Uwe"]
[Black "Hein, Ralf1111"]
[Result "1/2-1/2"]
[WhiteElo "1709"]
[BlackElo "1599"]
[PlyCount "146"]
[EventDate "2020.05.27"]
[EventType "swiss (blitz)"]
[EventRounds "9"]
[EventCountry "GER"]
[SourceTitle "EXT 2021"]
[Source "ChessBase"]
[SourceDate "2020.10.23"]
[SourceVersion "1"]
[SourceVersionDate "2020.10.23"]
[SourceQuality "1"]

1. e4 e5 2. Nf3 Nc6 3. d4 exd4 4. Nxd4 d6 5. Nc3 Nf6 6. Bb5 Bd7 7. Bxc6 bxc6 8. Qd3 Be7 9. b3 0-0 10. Bb2 c5 11. Nde2 a6 12. 0-0 Be6 13. Rad1 Nd7 14. f4 Bg4 15. Qg3 f5 16. exf5 Bxf5 17. Nd5 Rf7 18. c4 Bh4 19. Qf3 Nf6 20. g3 Nxd5 21. Rxd5 Be7 22. Re1 Qd7 23. Rxf5 Rxf5 24. Qxa8+ Rf8 25. Qe4 Re8 26. Nc3 c6 27. Qe6+ Qxe6 28. Rxe6 Kf7 29. Re1 Rg8 30. Kf1 Bf6 31. Na4 g5 32. Bxf6 Kxf6 33. fxg5+ Rxg5 34. Nc3 Rh5 35. Ne4+ Ke5 36. Kg2 Kd4 37. Nf2 Rf5 38. Re2 d5 39. Nh3 dxc4 40. bxc4 Kxc4 41. Nf4 Kc3 42. Kf3 c4 43. Ke4 Rf8 44. Ne6 Re8 45. Kf5 Rb8 46. g4 Rb2 47. Rxb2 Kxb2 48. Nd4 c3 49. h4 c5 50. Ne2 c2 51. a4 c1Q 52. Nxc1 Kxc1 53. g5 c4 54. h5 c3 55. g6 hxg6+ 56. hxg6 c2 57. g7 Kb1 58. g8Q c1Q 59. Qb3+ Qb2 60. Qd3+ Qc2 61. Ke4 Qxd3+ 62. Kxd3 Kb2 63. Kc4 Ka3 64. a5 Ka4 65. Kc3 Kxa5 66. Kb3 Kb5 67. Ka3 a5 68. Ka2 Kb4 69. Ka1 Ka3 70. Kb1 a4 71. Ka1 Kb3 72. Kb1 a3 73. Ka1 a2 1/2-1/2

[Event "GER Cup Net V1 U2000"]
[Site "Playchess.com INT"]
[Date "2020.05.19"]
[Round "9"]
[White "Schewe, Bernhard"]
[Black "Serreck, Uwe"]
[Result "0-1"]
[WhiteElo "1820"]
[BlackElo "1680"]
[PlyCount "76"]
[EventDate "2020.05.19"]
[EventType "swiss (blitz)"]
[EventRounds "9"]
[EventCountry "GER"]
[SourceTitle "EXT 2021"]
[Source "ChessBase"]
[SourceDate "2020.10.23"]
[SourceVersion "1"]
[SourceVersionDate "2020.10.23"]
[SourceQuality "1"]

1. b4 g6 2. Bb2 Nf6 3. a4 Bg7 4. e3 d6 5. Nf3 0-0 6. Be2 Nbd7 7. 0-0 e5 8. c4 Qe7 9. b5 a5 10. d3 e4 11. dxe4 Nxe4 12. Bxg7 Kxg7 13. Qd4+ Kg8 14. Nbd2 Nxd2 15. Qxd2 b6 16. Nd4 Nc5 17. Nc6 Qf6 18. Bf3 Nb3 19. Qa2 Nxa1 20. Rxa1 Be6 21. Rc1 Rae8 22. Bd5 Kg7 23. Qd2 h6 24. Bf3 Kh7 25. Nd4 Qe5 26. Bc6 Re7 27. Qe2 Bd7 28. Bd5 Qxd4 29. exd4 Rxe2 30. Kf1 Re7 31. c5 dxc5 32. dxc5 Bf5 33. cxb6 cxb6 34. Rc6 Rb8 35. h3 Be6 36. Be4 Bb3 37. Bd3 Bxa4 38. g3 Bb3 0-1

[Event "GER Cup Net V1 U2000"]
[Site "Playchess.com INT"]
[Date "2020.05.19"]
[Round "3"]
[White "Serreck, Uwe"]
[Black "Schulz, Gerhard1111"]
[Result "1-0"]
[WhiteElo "1680"]
[BlackElo "1419"]
[PlyCount "77"]
[EventDate "2020.05.19"]
[EventType "swiss (blitz)"]
[EventRounds "9"]
[EventCountry "GER"]
[SourceTitle "EXT 2021"]
[Source "ChessBase"]
[SourceDate "2020.10.23"]
[SourceVersion "1"]
[SourceVersionDate "2020.10.23"]
[SourceQuality "1"]

1. e4 e6 2. b3 d5 3. Bb2 c5 4. exd5 exd5 5. Nf3 Bg4 6. Bb5+ Nc6 7. 0-0 Nf6 8. Re1+ Be7 9. Bxf6 gxf6 10. h3 Bh5 11. d4 0-0 12. Bxc6 bxc6 13. Qe2 Bd6 14. dxc5 Bxc5 15. Nbd2 Qd7 16. Qd3 Bg6 17. Qc3 Be7 18. Re2 Rfe8 19. Rae1 c5 20. Nf1 d4 21. Qd2 Bf8 22. Ng3 Rxe2 23. Qxe2 Bd6 24. Ne4 Bxe4 25. Qxe4 Kg7 26. Qxa8 Bc7 27. Qe4 f5 28. Qd3 Qd6 29. Qxf5 Ba5 30. Qg4+ Kf8 31. Re2 d3 32. cxd3 Qxd3 33. Ng5 Qd1+ 34. Kh2 Bc7+ 35. g3 h5 36. Qe4 Qd7 37. h4 f5 38. Qe6 Qxe6 39. Nxe6+ 1-0

[Event "GER-ch NSV Online 1st"]
[Site "Playchess.com INT"]
[Date "2020.04.26"]
[Round "6"]
[White "Serreck, Uwe"]
[Black "Kirk, Alexander"]
[Result "0-1"]
[WhiteElo "1834"]
[BlackElo "1685"]
[PlyCount "26"]
[EventDate "2020.04.26"]
[EventType "swiss (blitz)"]
[EventRounds "13"]
[EventCountry "GER"]
[SourceTitle "CBM 196 Extra"]
[Source "ChessBase"]
[SourceDate "2020.07.31"]
[SourceVersion "1"]
[SourceVersionDate "2020.07.31"]
[SourceQuality "1"]

1. e4 e5 2. Nf3 Nc6 3. d4 exd4 4. Nxd4 Bc5 5. Be3 Qf6 6. c3 Nge7 7. Qd2 0-0 8. Nb5 Bxe3 9. Qxe3 Qe5 10. Nd2 a6 11. Nc4 Qxb5 12. 0-0-0 Qa4 13. Kb1 Qxd1+ 0-1

[Event "GER-ch Net Amateur Gr-B Vor2"]
[Site "Playchess.com INT"]
[Date "2020.04.15"]
[Round "9"]
[White "Ertelt, Pornchai"]
[Black "Serreck, Uwe"]
[Result "0-1"]
[WhiteElo "1474"]
[BlackElo "1676"]
[PlyCount "44"]
[EventDate "2020.04.15"]
[EventType "swiss (blitz)"]
[EventRounds "9"]
[EventCountry "GER"]
[SourceTitle "CBM 196 Extra"]
[Source "ChessBase"]
[SourceDate "2020.07.31"]
[SourceVersion "1"]
[SourceVersionDate "2020.07.31"]
[SourceQuality "1"]

1. d4 g6 2. Nf3 Nf6 3. Bf4 Bg7 4. e3 d6 5. Bd3 0-0 6. Nbd2 Nbd7 7. h4 Qe8 8. h5 Nxh5 9. Rxh5 gxh5 10. Bxh7+ Kxh7 11. Ng5+ Kg8 12. Qxh5 Nf6 13. Qh2 Bf5 14. e4 Bg6 15. 0-0-0 e5 16. dxe5 Ng4 17. Qh4 dxe5 18. Qxg4 exf4 19. Qxf4 Qe5 20. Qxe5 Bxe5 21. Nc4 Bf4+ 22. Kb1 Bxg5 0-1

[Event "Hannover Bezirks-ch A"]
[Site "Lehrte"]
[Date "2019.10.05"]
[Round "5.11"]
[White "Von Mettenheim, Johannes"]
[Black "Serreck, Uwe"]
[Result "1-0"]
[WhiteElo "1955"]
[BlackElo "1941"]
[PlyCount "64"]
[EventDate "2019.10.03"]
[EventType "swiss"]
[EventRounds "7"]
[EventCountry "GER"]
[SourceTitle "EXT 2023"]
[Source "ChessBase"]
[SourceDate "2022.10.05"]
[SourceVersion "1"]
[SourceVersionDate "2022.10.05"]
[SourceQuality "1"]

1. d4 g6 2. c4 Bg7 3. e4 d6 4. Nc3 Nf6 5. f3 0-0 6. Be3 Nc6 7. Nge2 a6 8. Qd2 Rb8 9. Nc1 e5 10. d5 Nd4 11. Nb3 Nxb3 12. axb3 Nh5 13. b4 f5 14. c5 fxe4 15. Nxe4 Bf5 16. Bd3 Nf4 17. Bc2 dxc5 18. Bxc5 Rf7 19. Bb3 Bxe4 20. fxe4 Rd7 21. g3 Nh5 22. 0-0 Kh8 23. Ba4 b6 24. Bxd7 bxc5 25. Bg4 Nf6 26. Bf3 Rxb4 27. Rxa6 Nxe4 28. Bxe4 Rxe4 29. Rfa1 Rb4 30. Qxb4 cxb4 31. Ra8 Bf6 32. Rxd8+ Bxd8 1-0